MARC

LEADER 00000ny a22000003n 4500
005 20110520142114.0
008 080508t2006 sp s 000 0 spa c
035 |a 1637 
040 |a UMA.RE  |d vLex 
080 |a 343.21(460)(0.034) 
090 |c 120  |d 120 
100 1 |a Rodrg̕uez Lp̤ez, Pedro 
245 1 0 |a Administracion y Derecho penal  |h [Recurso electrn̤ico]  |c Pedro Rodrg̕uez Lp̤ez 
256 |a Servicio en ln̕ea 
260 |a Barcelona :  |b vLex,  |c 2006 
506 1 |a Contenido solo disponible en los productos indicados  |d vLex Global  |d vLex Global (Academic Edition, excluding Law Schools)  |d vLex Global (U.S. Academic Edition, Law Schools)  |d vLex Global (U.S. Academic Edition, excluding Law Schools)  |d vLex Global (Academic Edition, Law Schools) 
650 0 7 |a Administrativo  |2 Tesauro vLex 
650 0 7 |a Penal  |2 Tesauro vLex 
650 0 7 |a Delitos contra la Administracin̤ de Justicia  |2 Tesauro vLex 
650 0 7 |a Delitos contra la Administracin̤ Pb︢lica  |2 Tesauro vLex 
650 0 7 |a Delitos de funcionarios  |2 Tesauro vLex 
650 0 7 |a Delitos contra la Hacienda Pb︢lica  |2 Tesauro vLex 
650 0 7 |a Delitos contra la ordenacin̤ del territorio  |2 Tesauro vLex 
650 0 7 |a Delitos contra la seguridad social  |2 Tesauro vLex 
650 0 7 |a Contrabando  |2 Tesauro vLex 
650 0 7 |a Responsabilidad civil derivada del ilc̕ito penal  |2 Tesauro vLex 
650 0 7 |a Derecho penal  |2 Tesauro vLex 
740 0 |a vLex Libros (Servicios en ln̕ea) 
856 4 0 |u http://vlex.com/source/1637  |z Acceso restringido 
942 |c BOOK 
999 0 4 |a Criminal law  |b Spain 
999 0 4 |a Espaą  |v En ln̕ea